Państwa według podpowiedzi #1 - Statystyki

Ogólne statystyki
  • Ten quiz został rozwiązany 45 396 razy
  • Średni wynik to 15 z 22
Statystyki odpowiedzi
Podpowiedzi: Państwo % Poprawnych
liść klonu, góry, łoś Kanada
98%
Wujek Sam, supermoce, Coca-Cola Stany Zjednoczone
96%
piwo, kiełbasa, Johann Bach Niemcy
89%
Wolfgang Mozart, narciarstwo alpejskie, kawa Austria
85%
Ferrari, Toskania, gnocchi Włochy
85%
Stonehenge, sztywna górna warga,David Beckham Wielka Brytania
84%
jogurt, Akropol, Santorini Grecja
83%
manga, shintō, tsunami Japonia
81%
tequila, chupacabra, Tenochtitlán Meksyk
77%
Morze Karaibskie, sprinterzy, reggae Jamajka
71%
dacza, Duma, Jezioro Bajkał Rosja
71%
Gandhi, Ganges, krykiet Indie
69%
fiordy, ropa naftowa, zimowe igrzyska olimpijskie Norwegia
68%
Andy, Ziemia Ognista, Wyspa Wielkanocna Chile
64%
Czyngis-chan, koczownicy, stepy Mongolia
64%
kawa, Shakira, tejo Kolumbia
60%
Mezopotamia, brakująca broń masowego rażenia, Kurdowie Irak
55%
kiwi, droga do Mordoru, All Blacks Nowa Zelandia
41%
Springboks, biltong, afrikaans Republika Południowej Afryki
40%
Indus, Benazir Bhutto, K2 Pakistan
39%
Jawa, Suharto, Krakatau Indonezja
37%
kanał, balboa, Manuel Noriega Panama
32%
Nie znaleziono quizów pasujących do podanych kryteriów
Rozkład punktacji
Procent ludzi z każdym wynikiem
Percentyl według liczby udzielonych odpowiedzi
Twoja historia wyników
Nie rozwiązałeś tego quizu